Entités ayant gouverné la Tunisie - Statistiques

Statistiques générales
  • Ce quiz a été pris 122 fois
  • Le résultat moyen est 4 sur 17
Statistiques - réponses
Hint Réponse % Correct
814 av. JC - 146 av. JC Carthage
71%
1574 - 1705 Empire Ottoman
66%
1705 - 1881 Beylicat de Tunis
54%
1956 - 1957 Royaume de Tunisie
38%
1881 - 1956 Protectorat français de Tunisie
36%
909 - 1048 Fatimides
22%
Depuis 1957 République tunisienne
21%
590 - 698 Empire byzantin
19%
1229 - 1574 Hafsides
19%
750 - 800 Abbassides
17%
698 - 750 Omeyyades
14%
435 - 534 Royaume Vandale
14%
800 - 909 Aghlabides
11%
1152 - 1229 Almohades
9%
146 av. JC - 435 Afrique romaine
4%
1048 - 1152 Zirides
4%
534 - 590 Empire romain d’Orient
3%
Aucun quiz correspondant
Distribution des résultats
% des personnes avec chaque résultat
Percentile par nombre de réponses
Votre historique - résultats
Vous n’avez pas pris ce quiz